000 00304nam a2200121Ia 4500
008 180117s9999 xx 000 0 und d
100 _aby Sol Vanzi
245 _aTripping Back in Time
260 _c2017
300 _a12-14 pages, 2017 February 5
440 _aPhilippine Panorama
650 _aTRIPPING
999 _c353462
_d353462